| 000 | 00679cam a22002054a 4500 | ||
|---|---|---|---|
| 001 | 13329217 | ||
| 005 | 20250602091000.0 | ||
| 008 | 030829s2004 tnu b 000 0 eng | ||
| 020 | _a0835898768 (pbk.) | ||
| 050 | 0 | 0 |
_aBV5053 _b.M54 2004 |
| 082 | 0 | 0 |
_a253.5/3 _222 |
| 100 | 1 |
_aMiller, Wendy, _d1938- |
|
| 245 | 1 | 0 |
_aJesus, our spiritual director : _ba pilgrimage through the Gospels / _cWendy J. Miller. |
| 260 |
_aNashville : _bUpper Room Books, _cc2004. |
||
| 300 |
_a207 p. ; _c23 cm. |
||
| 650 | 0 | _aSpiritual direction. | |
| 650 | 0 |
_aSpiritual life _xChristianity. |
|
| 856 | 4 | 1 |
_3Table of contents _uhttp://www.loc.gov/catdir/toc/ecip048/2003019488.html |
| 942 |
_2lcc _cBK _n0 |
||
| 999 |
_c6117 _d6117 |
||